Bangla Sahityer itivritta : (Record no. 6438)

MARC details
000 -LEADER
fixed length control field 00466cam a2200181ua 4500
008 - FIXED-LENGTH DATA ELEMENTS--GENERAL INFORMATION
fixed length control field 141206n ii |||gr||||Z||||||ben
040 ## - CATALOGING SOURCE
Transcribing agency MAIN
041 ## - LANGUAGE CODE
-- ben
082 ## - DEWEY DECIMAL CLASSIFICATION NUMBER
Classification number 891.44
100 ## - MAIN ENTRY--PERSONAL NAME
Personal name Bandhyopadhyay, A.Kr.,
Relator term
245 1# - TITLE STATEMENT
Title Bangla Sahityer itivritta :
Remainder of title 1st Vol. /
Statement of responsibility, etc. By Asit Kr. Bandyopadhyay .
250 ## - EDITION STATEMENT
Edition statement 6th.
260 ## - PUBLICATION, DISTRIBUTION, ETC.
Place of publication, distribution, etc. Calcutta:
Name of publisher, distributor, etc. Modern book,
Date of publication, distribution, etc. 2006.
300 ## - PHYSICAL DESCRIPTION
Extent 536p.
942 ## - ADDED ENTRY ELEMENTS (KOHA)
Koha item type Books
653 ## - INDEX TERM--UNCONTROLLED
Uncontrolled term Bengali literature
Holdings
Withdrawn status Lost status Damaged status Not for loan Home library Current library Shelving location Date acquired Total Checkouts Full call number Barcode Date last seen Copy number Price effective from Koha item type
        Naharkatiya College Library Naharkatiya College Library General Stacks 19/09/2020   891.44 | BAN 17558 19/09/2020 1 19/09/2020 Books

Naharkatiya College © 2020. All rights reserved.

Powered By